Thermophilic anaerobic co-digestion of source selected organic waste and municipal sewage sludge case study in Hanoi /
Đã lưu trong:
| 主要作者: | |
|---|---|
| 其他作者: | |
| 格式: | Bài viết |
| 语言: | Vietnamese |
| 标签: |
添加标签
没有标签, 成为第一个标记此记录!
|
| Thư viện lưu trữ: | Thư viện Trường Đại học Đà Lạt |
|---|
| LEADER | 00729nam a2200241 4500 | ||
|---|---|---|---|
| 001 | DLU140166657 | ||
| 005 | ##20141227 | ||
| 040 | # | # | |a DLU |b vie |
| 041 | # | # | |a vie |
| 044 | # | # | |a vn |
| 100 | # | # | |a Cao Vu Hung. |
| 245 | # | # | |a Thermophilic anaerobic co-digestion of source selected organic waste and municipal sewage sludge case study in Hanoi / |c Cao Vu Hung, Bui Duy Cam. |
| 700 | # | # | |a Bui Duy Cam. |
| 773 | # | # | |t Hóa học |g Số 2, 2013, tr. 213-217 |
| 920 | # | # | |a Phòng Tạp chí -- Trung tâm Thông tin - Thư viện Trường Đại học Đà Lạt |
| 994 | # | # | |a DLU |
| 900 | # | # | |a True |
| 911 | # | # | |a Hoàng Thị Huyền |
| 925 | # | # | |a G |
| 926 | # | # | |a A |
| 927 | # | # | |a BB |
| 980 | # | # | |a Thư viện Trường Đại học Đà Lạt |